Statistics for U.S. States Larger than 100,000 Square Miles

Click here to take the quiz!

General Stats

  • This quiz has been taken 28 times
  • The average score is 7 of 8

Answer Stats

Area State % Correct
261,232Texas
100%
155,779California
100%
570,641Alaska
96%
145,546Montana
85%
113,594Arizona
81%
109,781Nevada
81%
121,298New Mexico
78%
103,642Colorado
74%

Score Distribution

Percentile by Number Answered

Percent of People with Each Score

Your Score History

You have not taken this quiz